| 000 | 01079cam a22002898i 4500 | ||
|---|---|---|---|
| 999 |
_c57408 _d57408 |
||
| 001 | 18920680 | ||
| 005 | 20221105205924.0 | ||
| 008 | 151228s2018 nyu 001 0 eng | ||
| 010 | _a 2015051118 | ||
| 020 | _a9781626232525 1 | ||
| 020 | _z9781626232532 1 | ||
| 020 | _a9789386293138 1 | ||
| 041 | _aeng | ||
| 080 | _a611(084.4) A-90 | ||
| 245 | 1 | 0 |
_aAtlas of anatomy / _cedited by Anne M. Gilroy, Brian R. MacPherson ; based on the work of Michael Schuenke, Erik Schulte, Udo Schumacher ; illustrations by Markus Voll, Karl Wesker. |
| 250 | _aThird edition. | ||
| 264 | 1 |
_aNew York : _bThieme, _c2016. |
|
| 300 |
_a566 p. ; _c24 cm. |
||
| 653 | _aმედიცინა | ||
| 653 | _aატლასი | ||
| 653 | _aადამიანის ანატომია | ||
| 700 | 1 |
_aGilroy, Anne M., _eრედაქტორი _98468 |
|
| 700 | 1 |
_aMacPherson, Brian R., _eრედაქტორი _98469 |
|
| 700 | 1 |
_aVoll, Markus M., _eმხატვარი _98470 |
|
| 700 | 1 |
_aWesker, Karl, _eმხატვარი _98471 |
|
| 942 |
_2udc _cBK |
||